Sports Quiz

Random Sports or Basketball Quiz

NBA Arenas Quiz Stats

 Plays Quiz Updated Oct 5, 2021

     
Support Sporcle.
Go Orange.
Score 0/30 Timer 06:00
0 Plays Today
Team Name % Correct
Los Angeles ClippersStaples Center
84.5%
Los Angeles LakersStaples Center
84.5%
New York KnickerbockersMadison Square Garden
81.5%
Boston CelticsTD Garden
64.7%
Miami HeatFTX Arena
58.7%
Chicago BullsUnited Center
57.3%
Cleveland CavaliersRocket Mortgage FieldHouse
52.4%
Denver NuggetsBall Arena
50.7%
Detroit PistonsLittle Caesars Arena
48.9%
Brooklyn NetsBarclays Center
45.7%
Dallas MavericksAmerican Airlines Center
44.8%
Golden State WarriorsChase Center
43.9%
Portland Trail BlazersModa Center
42%
Houston RocketsToyota Center
40.4%
Minnesota TimberwolvesTarget Center
39.6%
Team Name % Correct
Toronto RaptorsScotiabank Arena
39.4%
Philadelphia 76ersWells Fargo Center
36%
Washington WizardsCapital One Arena
36%
Indiana PacersGainbridge Fieldhouse
35.9%
Atlanta HawksState Farm Arena
34.7%
San Antonio SpursAT&T Center
33.8%
New Orleans PelicansSmoothie King Center
33.7%
Memphis GrizzliesFedEx Forum
32.6%
Sacramento KingsGolden 1 Center
31.8%
Orlando MagicAmway Center
30.9%
Milwaukee BucksFiserv Forum
27.3%
Oklahoma City ThunderPaycom Center
24.7%
Phoenix SunsFootprint Center
23.4%
Utah JazzVivint Arena
20.4%
Charlotte HornetsSpectrum Center
20.1%

From the Vault

Two 'H' Words by One Hint

by DesertSpartan

We suppose one hint is better than none.
Remove Ads.
Support Sporcle.
Get the best of Sporcle when you Go Orange. This ad-free experience offers more features, more stats, and more fun while also helping to support Sporcle. Thank you for becoming a member.

Show Comments

Extras

Top Quizzes Today


Score Distribution

Your Account Isn't Verified!

In order to create a playlist on Sporcle, you need to verify the email address you used during registration. Go to your Sporcle Settings to finish the process.

Report this User

Report this user for behavior that violates our Community Guidelines.

Details: